Ч. 2; Эксплуатация нефтяных и газовых скважин

Chi tiết về thư mục
Parent link:Эксплуатация нефтяных и газовых скважин: учебное пособие/ В. Н. Арбузов; Национальный исследовательский Томский политехнический университет (ТПУ), Институт природных ресурсов (ИПР), Кафедра геологии и разработки нефтяных месторождений (ГРНМ). Ч. 2.— , 2011-
Tác giả chính: Арбузов В. Н. Валерий Николаевич
Tác giả của công ty: Национальный исследовательский Томский политехнический университет
Tóm tắt:Заглавие с титульного экрана
Электронная версия печатной публикации
В пособии изложены современные технологии эксплуатации нефтяных и газовых скважин. Рассмотрены теоретические основы подъема жидкости и газа из скважин, структуры и режимы течения газожидкостных потоков в подъемных трубах нефтяных и газовых скважин, методы их гидродинамического расчета, технологии оборудование для фонтанной эксплуатации скважин, способы механизированной эксплуатации нефтяных скважин, а также принципиальное устройство основных видов глубинно-насосного и наземного оборудования скважин. Предназначено для студентов и магистрантов вузов нефтегазового профиля, а также может оказаться полезной инженерно-техническим работникам нефтяных промыслов
Режим доступа: из корпоративной сети ТПУ
Ngôn ngữ:Tiếng Nga
Được phát hành: 2012
Những chủ đề:
Truy cập trực tuyến:http://www.lib.tpu.ru/fulltext2/m/2013/m078.pdf
Định dạng: Điện tử Sách
KOHA link:https://koha.lib.tpu.ru/cgi-bin/koha/opac-detail.pl?biblionumber=235491

MARC

LEADER 00000nam2a2200000 4500
001 235491
005 20250526161758.0
035 |a (RuTPU)RU\TPU\book\256628 
035 |a RU\TPU\book\235922 
090 |a 235491 
100 |a 20130410d2012 m y0rusy50 ca 
101 0 |a rus 
102 |a RU 
105 |a a j 001zy 
135 |a drcn ---uucaa 
181 0 |a i  
182 0 |a b 
200 0 |a Ч. 2 
203 |a Текст  |c электронный 
210 |d 2012 
300 |a Заглавие с титульного экрана 
300 |a Электронная версия печатной публикации 
330 |a В пособии изложены современные технологии эксплуатации нефтяных и газовых скважин. Рассмотрены теоретические основы подъема жидкости и газа из скважин, структуры и режимы течения газожидкостных потоков в подъемных трубах нефтяных и газовых скважин, методы их гидродинамического расчета, технологии оборудование для фонтанной эксплуатации скважин, способы механизированной эксплуатации нефтяных скважин, а также принципиальное устройство основных видов глубинно-насосного и наземного оборудования скважин. Предназначено для студентов и магистрантов вузов нефтегазового профиля, а также может оказаться полезной инженерно-техническим работникам нефтяных промыслов 
333 |a Режим доступа: из корпоративной сети ТПУ 
337 |a Adobe Reader 
461 1 |0 215955  |9 215955  |t Эксплуатация нефтяных и газовых скважин  |o учебное пособие  |f В. Н. Арбузов  |g Национальный исследовательский Томский политехнический университет (ТПУ), Институт природных ресурсов (ИПР), Кафедра геологии и разработки нефтяных месторождений (ГРНМ)  |v Ч. 2  |d 2011- 
606 1 |a Нефтяные скважины  |x Эксплуатация  |2 stltpush  |3 (RuTPU)RU\TPU\subj\71452  |9 85352 
606 1 |a Газовые скважины  |x Эксплуатация  |2 stltpush  |3 (RuTPU)RU\TPU\subj\71451  |9 85351 
610 1 |a электронный ресурс 
610 1 |a труды учёных ТПУ 
610 1 |a учебные пособия 
610 1 |a освоение скважин 
610 1 |a газожидкостные смеси 
610 1 |a вертикальные скважины 
610 1 |a фонтанные скважины 
610 1 |a эксплуатация 
610 1 |a газлифтная эксплуатация 
610 1 |a скважины 
610 1 |a штанговые насосы 
610 1 |a погружные центробежные насосы 
610 1 |a гидропоршневые насосы 
610 1 |a винтовые насосы 
610 1 |a пласты 
675 |a 622.276.5(075.8)  |v 3 
675 |a 622.279.5(075.8)  |v 3 
700 1 |a Арбузов  |b В. Н.  |c геолог  |c доцент Томского политехнического университета, кандидат физико-математических наук  |f 1952-  |g Валерий Николаевич  |9 12037 
712 0 2 |a Национальный исследовательский Томский политехнический университет  |c (2009- )  |9 26305 
801 2 |a RU  |b 63413507  |c 20130422  |g RCR 
850 |a 63413507 
856 4 |u http://www.lib.tpu.ru/fulltext2/m/2013/m078.pdf 
942 |c CF